[Event "Medjimurje Cup"]
[Site "Croatia "]
[Date "2020.02.16"]
[Round "2.2"]
[White "Sokac, Ivan"]
[Black "Mihajlov, Mihail"]
[Result "0-1"]
[WhiteElo "1600"]
[BlackElo "1692"]
[PlyCount "108"]
[EventDate "2020.02.09"]
[EventType "team-swiss"]
[EventRounds "6"]
[EventCountry "CRO"]
[SourceTitle "CBM 195 Extra"]
[Source "ChessBase"]
[SourceDate "2020.05.31"]
[SourceVersion "1"]
[SourceVersionDate "2020.05.31"]
[SourceQuality "1"]

1. e4 e6 2. Nf3 d6 3. c4 Nf6 4. Nc3 c5 5. d3 Nc6 6. Bf4 e5 7. Bg5 Be7 8. Be2 Bg4 9. Qa4 Bxf3 10. Bxf3 0-0 11. 0-0-0 Nd4 12. Rdg1 a6 13. Qd1 b5 14. h4 Nd7 15. Kb1 Bxg5 16. hxg5 Qxg5 17. Rh5 Qd8 18. Rgh1 h6 19. Qd2 Nxf3 20. gxf3 f6 21. Rxh6 Kf7 22. R6h3 Rg8 23. Nd5 Nb6 24. Nc3 Qe8 25. Rh4 bxc4 26. dxc4 Nxc4 27. Qd3 Qe6 28. Nd5 Na5 29. Nc7 Qc8 30. Nxa8 Qxa8 31. Qxd6 Qc6 32. Qd2 Nb7 33. Rh8 Rxh8 34. Rxh8 c4 35. Qb4 Qd6 36. Qxb7+ Kg6 37. Qd5 Qb4 38. Qd1 c3 39. Qc2 cxb2 40. Qxb2 Qe1+ 41. Qc1 Qb4+ 42. Kc2 Qc4+ 43. Kd2 Qxa2+ 44. Ke1 Qb3 45. Ke2 Qb5+ 46. Ke1 Qb3 47. Rh3 Qd3 48. Rg3+ Kh7 49. Qd2 Qb1+ 50. Qd1 Qb5 51. Rh3+ Kg6 52. Rg3+ Kh7 53. f4 Qb4+ 54. Kf1 Qb5+ 0-1